000 00452nam a2200193Ia 4500
005 20240823034604.0
008 240823s9999||||xx |||||||||||||| ||und||
020 _a81-240-1880-4
041 _aMALAYALAM
082 _A809 Q0
100 _aEzumattoor Rajarajavarma
245 0 _aSabdasasthranthinte Sreemukham
250 _a1st
260 _c2010
_bCurrent Book
500 _aYES
650 _aNovel
_bEnglish
942 _cBK
999 _c198631
_d198631